Normal view
MARC view
- FAIZA,RAJA AMIR.HANDLING STABILITY AND RESPONSIVENESS WITH ADVANCED CONTROL SYSTEMS
Entry Topical Term
001 - CONTROL NUMBER
- control field: 64710
003 - CONTROL NUMBER IDENTIFIER
- control field: NUST
005 - DATE AND TIME OF LATEST TRANSACTION
- control field: 20210628203324.0
008 - FIXED-LENGTH DATA ELEMENTS
- fixed length control field: 210628|| aca||aabn | a|a d
040 ## - CATALOGING SOURCE
- Original cataloging agency: NUST
- Transcribing agency: NUST
150 ## - HEADING--TOPICAL TERM
- Topical term or geographic name entry element: FAIZA,RAJA AMIR.HANDLING STABILITY AND RESPONSIVENESS WITH ADVANCED CONTROL SYSTEMS
670 ## - SOURCE DATA FOUND
- Source citation: Work cat.: (NUST): Bedner, E, Fulk, D, Hac, A 64709, Exploringthe trade off of handling stability and responsiveness with advanced control systems, 2007
